I Jornades de Recerca Històrica de Les Corts : ponències i comunicacions, Barcelona, 14 i 15 de març de 1997 ponències i comunicacions, Barcelona, 14 i 15 de març de 1997
Descripción Física:
394 p. ; 21 cm
Colección:
Quaderns de l'Arxiu ; 3
MARC
| LEADER | 00000nam a2200000Ia 4500 | ||
|---|---|---|---|
| 001 | 12149 | ||
| 003 | BGR | ||
| 005 | 20260324175420.0 | ||
| 008 | 160829s1998 xx 000 0 cat d | ||
| 080 | |a H-2-71 | ||
| 111 | |a Jornades de Recerca Històrica de les Corts |9 71264 |c (Barcelona : |d 1997) | ||
| 245 | |a I Jornades de Recerca Històrica de Les Corts : |b ponències i comunicacions, Barcelona, 14 i 15 de març de 1997 | ||
| 260 | |a Barcelona : |b Arxiu Municipal del Districte de les Corts, |c 1998 | ||
| 300 | |a 394 p. ; |c 21 cm | ||
| 490 | |a Quaderns de l'Arxiu ; 3 | ||
| 610 | 1 | 0 | |a Casa de Maternitat i Expòsits de Barcelona |x Història |9 17620 |
| 650 | |a Corts (Barcelona) |x Història |x Congressos |9 32629 | ||
| 710 | 2 | |a Arxiu Municipal de Barcelona |9 55021 | |
| 901 | |a Arxiu | ||
| 942 | |n 1 |2 udc |c JC | ||
| 952 | |0 0 |1 0 |4 0 |6 H271 |7 1 |9 46054 |a Arxiu |b Arxiu |d 2016-12-01 |l 0 |o H-2-71 |p 12149 |r 2016-12-01 00:00:00 |w 2016-12-01 |y ARXIU | ||
| 999 | |c 49555 |d 49555 | ||